<?xml version="1.0" encoding="UTF-8"?>
<record
    xmlns:xsi="http://www.w3.org/2001/XMLSchema-instance"
    xsi:schemaLocation="http://www.loc.gov/MARC21/slim http://www.loc.gov/standards/marcxml/schema/MARC21slim.xsd"
    xmlns="http://www.loc.gov/MARC21/slim">

  <leader>02572cam a22002655a 4500</leader>
  <controlfield tag="001">18250053</controlfield>
  <controlfield tag="005">20160828115836.0</controlfield>
  <controlfield tag="008">140801s2015    enka   frb    001 0 eng d</controlfield>
  <datafield tag="020" ind1=" " ind2=" ">
    <subfield code="a">9781138789838</subfield>
  </datafield>
  <datafield tag="040" ind1=" " ind2=" ">
    <subfield code="a">DLC</subfield>
    <subfield code="b">eng</subfield>
    <subfield code="c">DLC</subfield>
    <subfield code="d">DLC</subfield>
    <subfield code="d">EG-ScBUE</subfield>
  </datafield>
  <datafield tag="082" ind1="0" ind2="4">
    <subfield code="a">658.812</subfield>
    <subfield code="2">22</subfield>
    <subfield code="b">BUT</subfield>
  </datafield>
  <datafield tag="100" ind1="1" ind2=" ">
    <subfield code="a">Buttle, Francis</subfield>
    <subfield code="9">40920</subfield>
  </datafield>
  <datafield tag="245" ind1="1" ind2="0">
    <subfield code="a">Customer relationship management :</subfield>
    <subfield code="b">concepts and technologies /</subfield>
    <subfield code="c">Francis Buttle and Stan Maklan.</subfield>
  </datafield>
  <datafield tag="250" ind1=" " ind2=" ">
    <subfield code="a">3rd ed.</subfield>
  </datafield>
  <datafield tag="260" ind1=" " ind2=" ">
    <subfield code="a">Oxon ;</subfield>
    <subfield code="a">New York :</subfield>
    <subfield code="b">Routledge / Taylor &amp; Francis Group,</subfield>
    <subfield code="c">2015</subfield>
  </datafield>
  <datafield tag="300" ind1=" " ind2=" ">
    <subfield code="a">xxv, 400 p. :</subfield>
    <subfield code="b">ill. ;</subfield>
    <subfield code="c">26 cm.</subfield>
  </datafield>
  <datafield tag="500" ind1=" " ind2=" ">
    <subfield code="a">Index : p. 391-400.</subfield>
  </datafield>
  <datafield tag="504" ind1=" " ind2=" ">
    <subfield code="a">Includes bibliographical references.</subfield>
  </datafield>
  <datafield tag="520" ind1=" " ind2=" ">
    <subfield code="a">"This much-anticipated new edition of the bestseller Customer Relationship Management provides a comprehensive and balanced review of CRM, now with substantial revisions responding to the recent changes in CRM practice. The book explains what CRM is, the benefits it delivers, the contexts in which it is used, the technologies that are deployed, and how it can be implemented. Both theoretically sound and managerially relevant, the book draws on academic and independent research from a wide range of disciplines including IS, HR, project management, finance, strategy and more. Buttle and Maklan, clearly and without jargon, explain how CRM can be used throughout the customer life cycle stages of customer acquisition, retention and development. The book is illustrated liberally with screenshots from CRM software applications and case illustrations of CRM in practice. NEW TO THIS EDITION: - Updated instructor support materials online - Full colour interior - Brand new international case illustrations from many industry settings - Substantial revisions throughout, including new content on: o Social media and social CRM o Big data and unstructured data o Recent advances in analytical CRM including next best action solutions o Marketing, sales and service automation o Customer self-service technologies o Making the business case and realising the benefits of investment in CRM Ideal as a core textbook by students on CRM or related courses such as relationship marketing, database marketing or key account management, the book is equally valuable to industry professionals, managers involved in CRM programs and those pursuing professional qualifications or accreditation in marketing, sales or service management"--</subfield>
  </datafield>
  <datafield tag="650" ind1=" " ind2="7">
    <subfield code="a">Customer relations</subfield>
    <subfield code="x">Management.</subfield>
    <subfield code="2">BUEsh</subfield>
    <subfield code="9">36922</subfield>
  </datafield>
  <datafield tag="651" ind1=" " ind2=" ">
    <subfield code="2">BUEsh</subfield>
  </datafield>
  <datafield tag="653" ind1=" " ind2=" ">
    <subfield code="b">BUSADM</subfield>
    <subfield code="c">August 2016	</subfield>
  </datafield>
  <datafield tag="700" ind1="1" ind2=" ">
    <subfield code="a">Maklan, Stan.</subfield>
  </datafield>
  <datafield tag="942" ind1=" " ind2=" ">
    <subfield code="2">ddc</subfield>
  </datafield>
  <datafield tag="999" ind1=" " ind2=" ">
    <subfield code="c">22250</subfield>
    <subfield code="d">22222</subfield>
  </datafield>
  <datafield tag="952" ind1=" " ind2=" ">
    <subfield code="0">0</subfield>
    <subfield code="1">0</subfield>
    <subfield code="2">ddc</subfield>
    <subfield code="4">0</subfield>
    <subfield code="7">0</subfield>
    <subfield code="8">Baccah</subfield>
    <subfield code="a">MAIN</subfield>
    <subfield code="b">MAIN</subfield>
    <subfield code="c">1ST</subfield>
    <subfield code="d">2016-08-28</subfield>
    <subfield code="e">Purchase</subfield>
    <subfield code="g">510.00</subfield>
    <subfield code="h">25136</subfield>
    <subfield code="l">1</subfield>
    <subfield code="o">658.812 BUT</subfield>
    <subfield code="p">000033406</subfield>
    <subfield code="r">2025-07-15 00:00:00</subfield>
    <subfield code="s">2024-03-13</subfield>
    <subfield code="v">637.50</subfield>
    <subfield code="y">BB</subfield>
  </datafield>
</record>
